000 00455nam a2200193Ia 4500
008 230125s9999 xx 000 0 und d
020 _a81-7132-192-5
041 _aeng
082 _a305.4
_bDEV
100 _aDevi S
245 _aWomens status and social change
260 _c1999
_bPointer publisher
_aJaipur
300 _a287p
500 _aWemens status
500 _aWomen
650 _aWomen Study
700 _aDevi S
999 _c92888
_d92888